Länder mit dem meisten Rassismus - Statistiken

Allgemein
  • Dieses Quiz wurde 407 mal gespielt
  • Das Durchschnittsergebnis liegt bei 7 aus 20
Antwortstatistiken
Platz Land Index % Korrekt
18. Russland 0,56
84%
2. Indien 1,08
64%
5. Südafrika 0,81
61%
19. Türkei 0,53
59%
11. Irak 0,65
49%
15. Pakistan 0,63
47%
13. Nigeria 0,64
37%
8. Südkorea 0,66
34%
17. Thailand 0,59
33%
16. Algerien 0,61
32%
11. Jemen 0,65
31%
4. Libyen 0,88
29%
3. Libanon 1,01
23%
8. Malaysia 0,66
20%
6. Philippinen 0,8
20%
1. Bahrain 1,17
17%
8. Kuwait 0,66
17%
13. Kirgisistan 0,64
12%
19. Zypern 0,53
9%
7. Ecuador 0,67
5%
Keine übereinstimmenden Quizze gefunden
Verteilung der Resultate
Anzahl Personen mit jedem Resultat
Perzentil nach korrekt beantworteten Fragen
Ihre Resultats-Entwicklung
Sie haben dieses Quiz noch nicht gespielt